| 000 | 01820 a2200361 4500 | ||
|---|---|---|---|
| 999 |
_c11124 _d11124 |
||
| 020 | _a9780495812944 (hbk.) | ||
| 020 | _a0495812943 (hbk.) | ||
| 020 | _a9780495811794 (pbk.) | ||
| 020 | _a0495811793 (pbk.) | ||
| 020 | _a9780495813477 (Looseleaf edition) | ||
| 020 | _a0495813478 (Looseleaf edition) | ||
| 050 | 0 | 0 |
_aHQ21 _bCRO 2011 |
| 100 | 1 |
_aCrooks, Robert, _d1941- _eauthor |
|
| 245 | 1 | 0 |
_aOur sexuality / _cRobert Crooks, Karla Baur. |
| 250 | _aEleventh Edition | ||
| 264 |
_aAndover : _b Cengage Learning [distributor], Belmont, _c2011 |
||
| 300 |
_a570 pages _billustrations |
||
| 336 |
_2rdacontent _atext _btxt |
||
| 337 |
_2rdamedia _aunmediated _bn |
||
| 338 |
_2rdacarrier _avolume _bnc |
||
| 504 | _aIncludes bibliographical references and indexes. | ||
| 505 | 0 | _aPerspectives on sexuality -- Sex research: methods and problems -- Female sexual anatomy and physiology -- Male sexual anatomy and physiology -- Gender issues -- Sexual arousal and response -- Love and communication in intimate relationships -- Sexual behaviors -- Sexual orientations -- Contraception -- Conceiving children: process and choice -- Sexuality during childhood and adolescence -- Sexuality and the adult years -- Sexual difficulties and solutions -- Sexually transmitted diseases -- Atypical sexual behavior -- Sexual coercion -- Sex for sale. | |
| 650 | 0 | _aSex. | |
| 650 | 0 | _aSex customs | |
| 650 | 7 | _aSex. | |
| 650 | 7 | _aSex customs. | |
| 651 | 7 | _aUnited States. | |
| 700 | 1 |
_aBaur, Karla. _eauthor |
|
| 856 | 4 |
_qapplication/pdf _uhttp://swbplus.bsz-bw.de/bsz31922998xinh.htm _v20100303164254 _3Inhaltsverzeichnis |
|
| 942 |
_2lcc _cBK _h21 _iCRO _kHQ |
||